000 00573nam a2200217Ia 4500
005 20250505125034.0
008 008 250505s9999 xx 000 0 eng d
037 _aTextbook
040 _aLCO
_beng
_cLCO
041 _aeng
_2eng
084 _aZ2,7,11q N08 R4
_qLCO
100 _aTakwani, C.K.
245 0 _aCivil Procedure
_cC.K. Takwani
250 _a10th
260 _aLucknow, India
_bEastern Book Company
_c2024
300 _a848
365 _aINR
_b1095
650 _aLaw
942 _cTB
_hZ2,7,11q N08 R4
999 _c1311182
_d1311182